000 00681nam a2200253Ia 4500
001 20242
005 20240114000508.0
007 ta
008 060220s1895 a g b000 u 465 u
040 _aCotton College,Assam
041 _a465
082 _a530
_bL 926 L
100 _aLoudon, W.L..
245 0 _aA Laboratory Course in Experimental Physics /
_cW.L.Loudon & J.C.McLennan.
_hTextual Documents
250 _a1st ed. /
260 _aNew York :
_bMacmillan and co ,
_c1895.
300 _a300p. :
_bill ;
_c22cm .
653 _aPhysics
653 _aG-Physics
700 _aMcLennan, J.C..
942 _2ddc
_cBK
999 _c20224
_d20224